000 00592nam a22001817a 4500
005 20251108175348.0
008 250721s2000 xx 000 0 ara d
082 1 4 _a320.956/جوا
100 1 _aالجوادي، محمد
245 1 0 _aمذكرات رجال الديبلوماسية المصرية من أجل السلام /
264 1 _aالقاهرة :
_bدار الخيال،
_c2000.
300 _a447 ص.
650 1 7 _aالأحوال السياسية
650 1 7 _aالبلدان العربية
650 1 7 _aالتاريخ السياسي
942 _2ddc
_cBK
999 _c132333
_d132333